000 00332nam a2200157Ia 4500
100 _aBowman/ J.S. & others
250 _a2
942 _cBK
654 _aComputer
245 _aThe Practical SQL handbook
260 _bWesley pub
_aNew york
_c1993
082 _a5.756
_bBOW
300 _a453
546 _aENGLISH
999 _c30239
_d30239